Nonlinear differential equation and its property

Bibliographic Details
Main Author: Hricišáková, Daniela, 1944- (Author)
Format: Article
Language:Slovak
English
ISBN:8080940363
Subjects:

MARC

LEADER 00000nab a2200000 a 4500
001 vtls009147891
003 SK-MaSNL
005 20260304152141.0
008 250506c2006 xo |||||||||||000 b|slo
015 |a SNBRA2007/10  |2 snkbucl 
035 |a (uuid)fb501827-ad3c-4d7a-8b8e-bf63bc1fba50 
035 |a urn:nbn:sk:snk-ab10zd 
035 |a (urnnbn)urn:nbn:sk:snk:ar-004yc6 
038 |a SNKBUCL 
040 |a SNKBUCL  |b slo  |c SNKBUCL  |e AACR2 
041 0 |a eng  |b eng 
044 |a xo  |c SK 
080 |a 517.957  |2 2001 
100 1 |a Hricišáková, Daniela,  |d 1944-  |4 aut  |9 197961 
245 1 0 |a Nonlinear differential equation and its property  |c Daniela Hricišáková 
504 |a Bibliogr. odkazy 
546 |a Res. angl. 
650 0 7 |a nelineárne diferenciálne rovnice  |2 snkbucl  |9 88568 
650 0 7 |a Liénardova diferenciálna rovnica  |2 snkbucl  |9 1474206 
773 0 |t Acta mathematica 9  |d Nitra : Fakulta prírodných vied UKF, 2006  |g S. 269-272  |z 8080940363 
850 |a Slovenská národná knižnica 
852 |a Slovenská národná knižnica 
958 |a article27 
958 |a NB 
958 |a OND 
958 |a EUIPO 
999 |c 2947468  |d 2949398